| 000 | 00908nam a2200181Ia 4500 | ||
|---|---|---|---|
| 008 | 100920s9999 xx 000 0 und d | ||
| 082 |
_b63369 _a61 थ 84 |
||
| 100 | _aबच्चन हरिवंश राय. | ||
| 245 | _aराजेन्द्र प्रसाद आत्मकथाकार के रूप में. | ||
| 260 |
_bप्रकाशन विभाग सूचना और प्रसारण मंत्रालय, भारत सरकार. _c1984 |
||
| 300 |
_a36 _bसाधी |
||
| 365 | _b5 | ||
| 520 | _aस्थानिक वाचन. | ||
| 630 | _aराजेन्द्र प्रसाद आत्मकथाकार के रूप में. | ||
| 650 | _aस्थानिक वाचन. | ||
| 730 | _aराजेन्द्र प्रसाद आत्मकथाकार के रूप में. | ||
| 942 | _cBOOK | ||
| 999 |
_c706449 _d706446 |
||